|
|
|
|
| LEADER |
00879nab#a2200301#ar4500 |
| 001 |
000046641 |
| 003 |
SVKKK |
| 005 |
20031104082202.0 |
| 008 |
031104c xo e sloo |
| FMT |
|
|
|
| 038 |
|
|
|a SVKKK
|
| 040 |
|
|
|a SVKKK
|b slo
|e AACR2
|
| 041 |
0 |
|
|a slo
|
| 044 |
|
|
|a xo
|c SK
|
| 080 |
|
|
|a 628.1
|2 1997
|
| 100 |
1 |
|
|a Macko, Boris
|4 aut
|
| 245 |
1 |
0 |
|a Za pitnú vodu zaplatíme asi najviac na Slovensku :
|b primátori sa budú snažiť o urýchlenie transformácie VVaK
|c Boris Macko ; Miroslav Vacula
|
| 300 |
|
|
|b Fotogr.
|
| 610 |
2 |
4 |
|a Východoslovenské vodárne a kanalizácie, š.p. (Košice, Slovensko)
|x transformácia
|x informácie
|
| 700 |
1 |
|
|a Vacula, Miroslav
|4 pht
|
| 773 |
0 |
|
|t Košický večer
|g Roč. 14(35), č. 25 (6.2.2003), s. 2
|
| 957 |
|
|
|a 803
|
| 958 |
|
|
|a KE
|
| 974 |
|
|
|a Čr
|
| 992 |
|
|
|a RBX
|
| BAS |
|
|
|
| 852 |
|
|
|a SVKKK
|b BIB
|
| 998 |
|
|
|a REG
|